[Event "OBEM 2015"]
[Site "Germany , Bremen"]
[Date "2015.03.29"]
[Round "2.34"]
[White "Ungar, Benedict"]
[Black "Krueger, Gerhard"]
[Result "1-0"]
[WhiteElo "1749"]
[BlackElo "1398"]
[PlyCount "75"]

1. Nf3 d5 2. d3 Nf6 3. g3 e6 4. Bg2 Be7 5. O-O O-O 6. Nbd2 Nbd7 7. e4 dxe4 8.
dxe4 c6 9. e5 Nd5 10. c4 Nc7 11. b3 Na6 12. a3 Rb8 13. b4 b6 14. Bb2 h6 15. Re1
Bb7 16. Nd4 Qc8 17. Rc1 c5 18. Nb5 Bxg2 19. Kxg2 cxb4 20. axb4 Bxb4 21. f3 Qb7
22. Re2 Rfd8 23. Qc2 Be7 24. Qa4 Ndc5 25. Qa2 Rd3 26. Ra1 Bf8 27. Ne4 Nxe4 28.
Qxa6 Qxa6 29. Rxa6 Nc5 30. Rxa7 Rbd8 31. Bc3 R3d7 32. Rea2 Rxa7 33. Rxa7 Nd7
34. f4 Bc5 35. Kf3 Bf8 36. Nd4 Nc5 37. Ke3 Be7 38. Rxe7 1-0

[Event "OBEM 2015"]
[Site "Germany , Bremen"]
[Date "2015.03.29"]
[Round "2.46"]
[White "Buecker, Niklas"]
[Black "Bilau, Max"]
[Result "0-1"]
[WhiteElo "921"]
[BlackElo "1536"]
[PlyCount "68"]

1. d4 e6 2. Bf4 d5 3. Nc3 c5 4. Nb5 Qa5+ 5. Nc3 Bd7 6. e3 a6 7. Bd3 cxd4 8.
exd4 Qb4 9. Nge2 Nc6 10. Be3 Nf6 11. O-O Rb8 12. Rb1 Qa5 13. a3 g6 14. Qd2 Bg7
15. Rfe1 O-O 16. Bh6 Qb6 17. Na4 Qd8 18. Nc5 Bxh6 19. Qxh6 Bc8 20. Ng3 Ra8 21.
f3 Nxd4 22. h4 Nf5 23. Bxf5 exf5 24. h5 Qc7 25. Kf2 Qxc5+ 26. Ke2 Qxc2+ 27. Kf1
Qd3+ 28. Kf2 Qd4+ 29. Kf1 Qh4 30. Ke2 Qxg3 31. Rh1 Qxg2+ 32. Ke3 Re8+ 33. Kd4
Qf2+ 34. Kc3 Qxf3+ 0-1

[Event "OBEM 2015"]
[Site "Germany , Bremen"]
[Date "2015.03.29"]
[Round "2.22"]
[White "Rau, Nikita"]
[Black "Buhrdorf, Axel"]
[Result "0-1"]
[WhiteElo "1939"]
[BlackElo "1813"]
[PlyCount "68"]

1. Nf3 d5 2. d3 g6 3. g3 Bg7 4. Bg2 Nf6 5. O-O O-O 6. Nbd2 b6 7. e4 dxe4 8.
dxe4 Bb7 9. Re1 Nc6 10. c3 e5 11. Qb3 Qe7 12. a4 Qc5 13. Qb5 Nd7 14. Qd3 Qe7
15. b4 a5 16. b5 Ncb8 17. Ba3 Nc5 18. Qc2 Nbd7 19. Nf1 Rfd8 20. Ne3 Qe6 21. Nd5
Rac8 22. Ng5 Qe8 23. Rad1 c6 24. Ne3 cxb5 25. axb5 h6 26. Nh3 Nf6 27. Nd5 Nxd5
28. exd5 Qxb5 29. Qd2 Qd7 30. c4 Ba6 31. Qe2 Nb3 32. Qe3 Nd4 33. f4 Nc2 34.
Qxb6 Bxc4 0-1

[Event "OBEM 2015"]
[Site "Germany , Bremen"]
[Date "2015.03.29"]
[Round "2.42"]
[White "Bilek, Sadat"]
[Black "Kollars, Michael"]
[Result "0-1"]
[WhiteElo "1000"]
[BlackElo "1632"]
[PlyCount "92"]

1. Nc3 Nf6 2. d4 d6 3. Bg5 g6 4. e4 h6 5. Bxf6 exf6 6. Qf3 Bg7 7. O-O-O Nc6 8.
Bb5 Bd7 9. d5 Ne5 10. Qe3 a6 11. Bxd7+ Qxd7 12. Nge2 O-O-O 13. f4 Nc4 14. Qa7
Nb6 15. b3 Qe8 16. Rd4 f5 17. Rb4 Kd7 18. Na4 Nxa4 19. Rxa4 Rb8 20. Nc3 Bxc3
21. Rd1 fxe4 22. Qe3 Bf6 23. Rxe4 Qd8 24. Re1 Re8 25. Qh3+ Re6 26. dxe6+ fxe6
27. Qxe6+ Kc6 28. Rc4+ Kb6 29. Qe3+ c5 30. b4 Bd4 31. bxc5+ Bxc5 32. Qb3+ Ka7
33. Re6 Qg8 34. Qg3 Qxe6 35. Qh4 Qxc4 36. Qxh6 Qf1+ 37. Kb2 Qxg2 38. h4 Bd4+
39. Kc1 Qf1+ 40. Kd2 Qf2+ 41. Kd3 Qe3+ 42. Kc4 Rc8+ 43. Kd5 Rc5+ 44. Kxd6 Rc6+
45. Kd7 Qe6+ 46. Kd8 Rc8# 0-1

[Event "OBEM 2015"]
[Site "Germany , Bremen"]
[Date "2015.03.29"]
[Round "2.21"]
[White "Laubrock, Paul"]
[Black "Balazs, Balint"]
[Result "0-1"]
[WhiteElo "1793"]
[BlackElo "1940"]
[PlyCount "94"]

1. d4 f5 2. Nc3 d5 3. g3 Nf6 4. Bg2 e6 5. Nf3 c5 6. dxc5 Bxc5 7. Bf4 Nc6 8. O-O
O-O 9. Ne5 Ne4 10. Na4 Bd6 11. Nxc6 bxc6 12. Bxd6 Qxd6 13. f3 Nf6 14. e4 e5 15.
Nc3 fxe4 16. Nxe4 Nxe4 17. fxe4 Rxf1+ 18. Qxf1 d4 19. Bh3 Bxh3 20. Qxh3 Qc5 21.
Qe6+ Kh8 22. b4 Qc3 23. Rf1 Qe3+ 24. Kg2 Qxe4+ 25. Kg1 h6 26. Qe7 Rg8 27. a4
Qe3+ 28. Kg2 Qe4+ 29. Kg1 Qxc2 30. Qxe5 d3 31. Qe4 c5 32. b5 c4 33. a5 Qb3 34.
Qd5 Rb8 35. a6 Qxb5 36. Rf8+ Rxf8 37. Qxb5 d2 38. Qd5 c3 39. Qd7 Rf6 40. Qe8+
Kh7 41. Qe4+ Kh8 42. Qe8+ Kh7 43. Qe4+ Kg8 44. Qe8+ Rf8 45. Qd7 h5 46. Qd5+ Rf7
47. Qxh5 c2 0-1

[Event "OBEM 2015"]
[Site "Germany , Bremen"]
[Date "2015.03.29"]
[Round "2.48"]
[White "Bensmann, Jannis"]
[Black "Laubrock, Sophia"]
[Result "1-0"]
[WhiteElo "841"]
[BlackElo "1492"]
[PlyCount "51"]

1. d4 Nf6 2. Bf4 e6 3. Nf3 d5 4. e3 c5 5. c3 Nc6 6. Bd3 c4 7. Bc2 b5 8. O-O Bd7
9. Nbd2 a5 10. e4 dxe4 11. Nxe4 b4 12. Nxf6+ gxf6 13. Re1 Be7 14. Qe2 f5 15.
Qxc4 Rc8 16. Qe2 Rg8 17. c4 Bf6 18. Rad1 Qb6 19. d5 Nd4 20. Nxd4 Bxd4 21. dxe6
fxe6 22. Bxf5 Rf8 23. Bxe6 Rxf4 24. Bxd7+ Kxd7 25. Qe7+ Kc6 26. Re6# 1-0

[Event "OBEM 2015"]
[Site "Germany , Bremen"]
[Date "2015.03.29"]
[Round "2.10"]
[White "Lange, Martin"]
[Black "Buescher, Andre"]
[Result "1/2-1/2"]
[WhiteElo "1869"]
[BlackElo "2076"]
[PlyCount "46"]

1. d4 Nf6 2. Nf3 c5 3. d5 e6 4. c4 exd5 5. cxd5 d6 6. e3 g6 7. Nc3 Bg7 8. Be2
O-O 9. O-O a6 10. a4 Qe7 11. Bd3 Nbd7 12. Qc2 Ne5 13. Nxe5 Qxe5 14. f4 Qh5 15.
f5 Ng4 16. h3 Ne5 17. Be2 Qh4 18. f6 Bh6 19. e4 g5 20. Qd2 Bxh3 21. gxh3 Qg3+
22. Kh1 Qxh3+ 23. Kg1 Qg3+ 1/2-1/2

[Event "OBEM 2015"]
[Site "Germany , Bremen"]
[Date "2015.03.29"]
[Round "2.33"]
[White "Rose, Helmut"]
[Black "Goes, Carsten"]
[Result "0-1"]
[WhiteElo "1400"]
[BlackElo "1761"]
[PlyCount "70"]

1. e4 d5 2. e5 c5 3. f4 Nc6 4. Nf3 Bg4 5. Be2 e6 6. O-O Qb6 7. Kh1 h5 8. c3
Nge7 9. d3 Nf5 10. Na3 Be7 11. Nc2 d4 12. Na3 Rd8 13. Nc4 Qc7 14. a3 b5 15.
Ncd2 Ne3 16. Qb3 Nxf1 17. Nxf1 a6 18. Ng3 h4 19. Ne4 dxc3 20. Qxc3 Bxf3 21.
Bxf3 Nd4 22. Be3 Nxf3 23. gxf3 c4 24. d4 O-O 25. Rg1 Qc6 26. Bf2 Rd7 27. Nf6+
Bxf6 28. exf6 g6 29. Bxh4 Qd5 30. Rg5 Qxd4 31. Qc2 Qd1+ 32. Qxd1 Rxd1+ 33. Kg2
Rd2+ 34. Kh3 Rxb2 35. a4 Rc8 0-1

[Event "OBEM 2015"]
[Site "Germany , Bremen"]
[Date "2015.03.29"]
[Round "2.23"]
[White "Petrov, Iouri"]
[Black "Issing, Peter"]
[Result "0-1"]
[WhiteElo "1585"]
[BlackElo "2208"]
[PlyCount "56"]

1. d4 Nf6 2. c4 e6 3. Nf3 b6 4. Nc3 Bb7 5. Qc2 c5 6. e3 Nc6 7. a3 cxd4 8. exd4
Rc8 9. Bf4 d5 10. Qa4 Bd6 11. Ne5 dxc4 12. Nb5 Bb8 13. Nxc6 Bxc6 14. Bxb8 Rxb8
15. Qxc4 Bxb5 16. Qxb5+ Ke7 17. Qa6 Qc7 18. Be2 Rhd8 19. Rd1 Qb7 20. O-O Qxa6
21. Bxa6 Rd6 22. Rc1 Rxd4 23. Rc7+ Rd7 24. Rfc1 Nd5 25. Rxd7+ Kxd7 26. Rc4 b5
27. Rg4 Rb6 28. Rxg7 Ke7 0-1

[Event "OBEM 2015"]
[Site "Germany , Bremen"]
[Date "2015.03.29"]
[Round "2.30"]
[White "Volk, Robin"]
[Black "Quass, Michael"]
[Result "0-1"]
[WhiteElo "1285"]
[BlackElo "1779"]
[PlyCount "64"]

1. d4 Nf6 2. Nc3 d5 3. Bg5 Bf5 4. Bxf6 gxf6 5. e3 c6 6. Bd3 Bg6 7. Qe2 Nd7 8.
e4 dxe4 9. Bxe4 e6 10. O-O-O Qa5 11. Bxg6 hxg6 12. Qe3 O-O-O 13. Nge2 c5 14. d5
e5 15. Kb1 f5 16. f4 e4 17. h3 Bg7 18. Rhg1 Bf6 19. g4 Nb6 20. gxf5 gxf5 21.
Ng3 Nc4 22. Qe1 Nxb2 23. Ncxe4 Qb6 24. Kc1 Nc4 25. Rd3 Qb2+ 26. Kd1 fxe4 27.
Qxe4 Qb1+ 28. Ke2 Qxg1 29. Qxc4 Rxh3 30. Ne4 Rh2+ 31. Kf3 Qg2+ 32. Ke3 Qe2# 0-1

[Event "OBEM 2015"]
[Site "Germany , Bremen"]
[Date "2015.03.29"]
[Round "2.29"]
[White "Hoffer, Hayo"]
[Black "Fasmers, Ralf"]
[Result "1-0"]
[WhiteElo "1857"]
[BlackElo "1550"]
[PlyCount "61"]

1. d4 e6 2. Nf3 d5 3. c3 Nf6 4. Bg5 Be7 5. Nbd2 Nbd7 6. e3 O-O 7. Bd3 b6 8. O-O
c5 9. Qe2 cxd4 10. exd4 Re8 11. Ne5 Nxe5 12. dxe5 Nd7 13. Bxe7 Qxe7 14. Rad1
Bb7 15. Qh5 g6 16. Qh3 a5 17. f4 Ba6 18. Bxa6 Rxa6 19. Nf3 Kg7 20. Nd4 Nc5 21.
g4 Ne4 22. f5 Ng5 23. f6+ Kg8 24. Qh6 Nh3+ 25. Qxh3 Qf8 26. Qh4 h6 27. Rd3 Rc8
28. Rh3 Kh7 29. Nf3 Qc5+ 30. Kh1 Qb5 31. Qxh6+ 1-0

[Event "OBEM 2015"]
[Site "Germany , Bremen"]
[Date "2015.03.29"]
[Round "2.18"]
[White "Meyer, Irmin"]
[Black "Dehning-Busse, Karsten"]
[Result "1-0"]
[WhiteElo "1997"]
[BlackElo "1796"]
[PlyCount "59"]

1. e4 g6 2. d4 Bg7 3. Nc3 c5 4. dxc5 Qa5 5. Bd2 Qxc5 6. Nf3 d6 7. Nd5 Be6 8.
Be3 Qa5+ 9. b4 Qd8 10. Rb1 Bxd5 11. exd5 Nf6 12. Be2 O-O 13. O-O Nbd7 14. c4
Ng4 15. Bg5 h6 16. Bf4 Nge5 17. Qd2 Kh7 18. Rb3 Nxf3+ 19. Rxf3 Rc8 20. Bxh6 Rh8
21. Rxf7 Rg8 22. Qg5 e5 23. dxe6 Qxg5 24. Bxg5 Ne5 25. Rxb7 Nxc4 26. Rd1 Kh8
27. Rxa7 Rge8 28. e7 Be5 29. g3 Kg7 30. Bg4 1-0

[Event "OBEM 2015"]
[Site "Germany , Bremen"]
[Date "2015.03.29"]
[Round "2.38"]
[White "Hoose, Hannelore"]
[Black "Zijlstra, Berend"]
[Result "1-0"]
[WhiteElo "1709"]
[BlackElo "1319"]
[PlyCount "91"]

1. e4 e5 2. Nf3 Nc6 3. Bb5 Nf6 4. d3 a6 5. Bxc6 dxc6 6. Nxe5 Bd6 7. Nf3 Bg4 8.
h3 Bxf3 9. Qxf3 O-O 10. Bd2 Re8 11. Bc3 Nd5 12. O-O Nxc3 13. Nxc3 Be5 14. Rab1
b5 15. Ne2 Qf6 16. Qxf6 Bxf6 17. b3 Rad8 18. g3 g6 19. Kg2 c5 20. f3 c6 21. f4
Bg7 22. Kf3 a5 23. Rfd1 b4 24. h4 h6 25. g4 f6 26. Rg1 Kh7 27. f5 g5 28. hxg5
fxg5 29. Ng3 Be5 30. Rg2 Rf8 31. Nh5 Rd6 32. Ng3 Bc3 33. Rh1 Rg8 34. Nf1 Bf6
35. Ne3 Re8 36. Rgh2 Rg8 37. Rh5 a4 38. Rxh6+ Kg7 39. Rg6+ Kf7 40. Rh7+ Rg7 41.
Rhxg7+ Bxg7 42. Rxd6 axb3 43. axb3 Bf8 44. Nc4 Bxd6 45. Nxd6+ Ke7 46. e5 1-0

[Event "OBEM 2015"]
[Site "Germany , Bremen"]
[Date "2015.03.29"]
[Round "2.25"]
[White "Torkler, Wolfgang"]
[Black "Boehning, Kilian"]
[Result "0-1"]
[WhiteElo "1399"]
[BlackElo "1914"]
[PlyCount "82"]

1. e4 d5 2. exd5 Qxd5 3. Nc3 Qa5 4. d4 Nf6 5. Nf3 Bg4 6. Be2 Nc6 7. Bd2 Qh5 8.
Bf4 O-O-O 9. Be3 e5 10. d5 Bb4 11. Ng5 Bxc3+ 12. bxc3 Bxe2 13. Qxe2 Qxe2+ 14.
Kxe2 Rxd5 15. Nxf7 Re8 16. Ng5 Nd4+ 17. cxd4 exd4 18. Rad1 dxe3 19. Rxd5 Nxd5
20. fxe3 h6 21. Nf3 g5 22. e4 Rxe4+ 23. Kd3 Ra4 24. Ra1 Nf4+ 25. Ke3 Nxg2+ 26.
Kf2 Nf4 27. Ne5 Re4 28. Nf7 Re2+ 29. Kg3 Rg2+ 30. Kf3 Rxh2 31. Rd1 b6 32. Rd8+
Kb7 33. Rh8 Rxc2 34. Rxh6 Rxa2 35. Nxg5 Nd5 36. Ke4 Nb4 37. Rh7 a5 38. Ne6 Re2+
39. Kf5 Rc2 40. Nd4 Rc4 41. Nb5 Rc5+ 0-1